Debating India: (Record no. 101843)

MARC details
000 -LEADER
fixed length control field 01038nam a22002537a 4500
005 - DATE AND TIME OF LATEST TRANSACTION
control field 20230703101318.0
010 ## - LCCN (DPL NO)
LC control number 1617EN ENG-116224 ENG-137234
020 ## - INTERNATIONAL STANDARD BOOK NUMBER
International Standard Book Number 9780198060451
Terms of availability 895.00
035 ## - SYSTEM CONTROL NUMBER
System control number B-649788-796
035 ## - SYSTEM CONTROL NUMBER
System control number EN-99756 EN-120766
035 ## - SYSTEM CONTROL NUMBER
System control number B-664898
037 ## - SOURCE OF ACQUISITION
Source of stock number/acquisition Uppal
037 ## - SOURCE OF ACQUISITION
Source of stock number/acquisition DBAD/PUB
082 ## - DEWEY DECIMAL CLASSIFICATION NUMBER
Classification number 320.954
100 ## - MAIN ENTRY--PERSONAL NAME
Personal name Parekh, Bhikhu
245 ## - TITLE STATEMENT
Title Debating India:
Remainder of title essays on Indian political discourse /
Statement of responsibility, etc by Bhikhu Parekh
260 ## - PUBLICATION, DISTRIBUTION, ETC. (IMPRINT)
Place of publication, distribution, etc New Delhi
Name of publisher, distributor, etc Oxford University Press
Date of publication, distribution, etc 2015
270 ## - ADDRESS
Address YMCA Library Building, 1 Jai Singh Road,
City New Delhi
Postal code 110001
300 ## - PHYSICAL DESCRIPTION
Extent xix, 374p.
Dimensions 22cm(Hb)
500 ## - GENERAL NOTE
General note Includes index
942 ## - ADDED ENTRY ELEMENTS (KOHA)
Source of classification or shelving scheme Dewey Decimal Classification
Item type English Books
Call number suffix PAR
Classification part 320.954
Holdings
Withdrawn status Lost status Not for loan Collection code Home library Current library Date acquired Source of acquisition Cost, normal purchase price Full call number Barcode Copy number Cost, replacement price Koha item type
      Non-fiction Ashok Vihar Ashok Vihar 27/02/2018 Uppal/14146/27.2.2017/EN/AV/473/15.2.2017/7.3.2017 895.00 320.954 PAR B-664898 1 895.00 English Books
      Fiction Bawana Bawana 19/10/2016 DBAD/PUB 895.00 320.954 PAR EN-99756 1 895.00 English Books
      Non-fiction Bawana Bawana 09/03/2017 BPPD/EN/2016-17/307/24.11.2016/13925/07.12.2016/02.01.2017 895.00 320.954 PAR B-649793 1 895.00 English Books
      Non-fiction Bawana Bawana 09/03/2017 BPPD/EN/2016-17/307/24.11.2016/13925/07.12.2016/02.01.2017 895.00 320.954 PAR B-649795 1 895.00 English Books
      Non-fiction Bawana Bawana 03/07/2023 DBAD/PUB 895.00 320.954 PAR EN-120766 1 895.00 English Books
      Non-fiction Central Library Central Library 09/03/2017 BPPD/EN/2016-17/307/24.11.2016/13925/07.12.2016/02.01.2017 895.00 320.954 PAR B-649788 1 895.00 English Books
      Non-fiction Janak Puri Janak Puri 09/03/2017 BPPD/EN/2016-17/307/24.11.2016/13925/07.12.2016/02.01.2017 895.00 320.954 PAR B-649791 1 895.00 English Books
      Non-fiction Kasturba Gandhi Marg Kasturba Gandhi Marg 09/03/2017 BPPD/EN/2016-17/307/24.11.2016/13925/07.12.2016/02.01.2017 895.00 320.954 PAR B-649790 1 895.00 English Books
      Non-fiction Narela Narela 09/03/2017 BPPD/EN/2016-17/307/24.11.2016/13925/07.12.2016/02.01.2017 895.00 320.954 PAR B-649794 1 895.00 English Books
      Non-fiction Patel Nagar Patel Nagar 09/03/2017 BPPD/EN/2016-17/307/24.11.2016/13925/07.12.2016/02.01.2017 895.00 320.954 PAR B-649789 1 895.00 English Books
      Non-fiction Sarojini Nagar Sarojini Nagar 09/03/2017 BPPD/EN/2016-17/307/24.11.2016/13925/07.12.2016/02.01.2017 895.00 320.954 PAR B-649792 1 895.00 English Books
      Non-fiction Shahdara Branch Shahdara Branch 09/03/2017 BPPD/EN/2016-17/307/24.11.2016/13925/07.12.2016/02.01.2017 895.00 320.954 PAR B-649796 1 895.00 English Books

© Delhi Public Library
Hit Counter
free hit counter